[Event "IRI-ch U16"]
[Site "Chess.com INT"]
[Date "2021.01.16"]
[Round "6"]
[White "Afri, Mostafa"]
[Black "Rezaei, Amirmehdi"]
[Result "1-0"]
[WhiteElo "1378"]
[BlackElo "1167"]
[PlyCount "55"]
[EventDate "2021.01.16"]
[EventType "swiss"]
[EventRounds "11"]
[EventCountry "IRI"]
[SourceTitle "EXT 2022"]
[Source "ChessBase"]
[SourceDate "2021.10.06"]
[SourceVersion "1"]
[SourceVersionDate "2021.10.06"]
[SourceQuality "1"]

1. d4 Nf6 2. Nf3 g6 3. Bf4 Bg7 4. e3 0-0 5. h3 Nc6 6. Nc3 d6 7. Bc4 Re8 8. 0-0 Bd7 9. e4 e5 10. Bg5 exd4 11. Nxd4 Nxd4 12. Qxd4 Nh5 13. Qd5 Qxg5 14. Qxg5 Re5 15. Qd2 Nf6 16. Rfe1 Rae8 17. f3 b5 18. Bb3 b4 19. Nd5 Nxd5 20. Bxd5 a5 21. a3 bxa3 22. Rxa3 c6 23. Bb3 d5 24. Rxa5 dxe4 25. Rxe5 Rxe5 26. Rxe4 Rxe4 27. fxe4 Bxb2 28. Qxd7 1-0